000 01711nam a22003377a 4500
003 OSt
005 20260420122534.0
008 260420b |||||||| |||| 00| 0 aze d
020 _a9789952460414
040 _aAZ-XaKU
_baze
_cAZ-XaKU
041 _aaze
050 0 4 _aML60 .Ef251 .Se171 2014
245 1 _aAxtarış yollarının bəhrəsi
_c/ tərtibçilər: Leyla Məmmədova, Mehriban Əhmədova
264 _aBakı:
_bZərdabi LTD MMC,
_c2014.
300 _a524 səhifə ;
_bşəkilli ;
_c22 sm.
336 _atext
_btxt
_2rdacontent
337 _aunmediated
_bn
_2rdamedia
338 _avolume
_bnc
_2rdacarrier
500 _aAtam Məmməd Sadıx Əfəndiyev və anam Müsalət xanım Quliyevanın əziz xatirəsinə ithaf edirəm.
505 0 _aBəstəkarlarımızın, musiqişünaslarımızın, ifaçılarımızın portretləri -- Həyatımızın musiqi səhifələri -- Publisistika və tənqid
520 _aKitabda Azərbaycan Respublikasının Əməkdar incəsənət xadimi, sənətşünaslıq doktoru, professor, musiqişünas alim İmruz Məmməd Sadıx qızı Əfəndiyevanın müxtəlif illərdə qələmə aldığı, Azərbaycanın və Moskvanın nüfuzlu elmi jurnal və məcmuələrində dərc edilən elmi və publisistik məqalələri öz əksini tapmışdır.
521 _aKitab mütəxəssislər və geniş oxucu kütləsi üçün nəzərdə tutulmuşdur.
650 7 _2AZ-XaKU
_aAzərbaycan musiqisi
655 _aDərsliklər
700 1 _aMəmmədova, Leyla,
_etərtibçi.
700 1 _aƏhmədova, Mehriban,
_etərtibçi.
700 1 _aAbdullazadə, Gülnar,
_eredaktor.
700 1 _aMahmudova, Ceyran,
_eredaktor.
942 _cBOOK
999 _c251
_d251